LEADER 01368nam 2200385 a 450 001 9910692670103321 005 20040826091237.0 035 $a(CKB)5470000002354762 035 $a(OCoLC)56356431 035 9 $aocm56356431 035 $a(OCoLC)995470000002354762 035 $a(EXLCZ)995470000002354762 100 $a20040826d2004 ua 0 101 0 $aeng 135 $aurmn|||||| 181 $ctxt$2rdacontent 182 $cc$2rdamedia 183 $acr$2rdacarrier 200 10$aPipeline safety$b[electronic resource] $emanagement of the Office of Pipeline Safety's enforcement program needs further strengthening : report to congressional recipients 210 1$a[Washington, D.C.] :$cU.S. Government Accountability Office,$d[2004] 300 $aTitle from title screen (viewed on Aug. 18, 2004). 300 $a"July 2004." 300 $aPaper version available from: U.S. Government Accountability Office, 441 G St., NW, Rm. LM, Washington, D.C. 20548. 300 $a"GAO-04-801." 320 $aIncludes bibliographical references. 517 $aPipeline safety 606 $aCivil penalties$zUnited States 615 0$aCivil penalties 712 02$aUnited States.$bOffice of Pipeline Safety. 801 0$bGPO 801 1$bGPO 906 $aBOOK 912 $a9910692670103321 996 $aPipeline safety$92885761 997 $aUNINA